| 000 | 00703nam a22002057a 4500 | ||
|---|---|---|---|
| 999 |
_c19391 _d19391 |
||
| 003 | AR-CdUCM | ||
| 008 | 190517b ||||| |||| 00| 0 spa d | ||
| 040 |
_aMUNICIPALIDAD PROVINCIAL DEL CUSCO _cBIBLIOTECA MUNICIPAL DEL CUSCO |
||
| 082 |
_a869.5 / _bF64 |
||
| 110 |
_aBiblioteca del estudiante Peruano _91672 |
||
| 245 | _aFloresta de Poesia / | ||
| 260 |
_aLima : _bEdiciones del ministerio de educación pública, _c1958 |
||
| 300 |
_a132 paginas ; _bIlustraciones, graficos, dibujos, _c18 cm. |
||
| 440 |
_aBiblioteca del estudiante Peruano _n7 _940704 |
||
| 500 | _aPoesia y literatura | ||
| 650 |
_aPoesia _91598 |
||
| 650 |
_aLiteratura _983 |
||
| 942 |
_2ddc _cLIBROS |
||
| 945 |
_apjha _d2019-05-17 |
||